[Event "Pavlodar Open 2016"]
[Site "Pavlodar, "]
[Date "2016.11.25"]
[Round "6"]
[White "Kvan, Andrey"]
[Black "Kuderinov, Kirill"]
[Result "1/2-1/2"]
[WhiteElo "2180"]
[BlackElo "2484"]
[PlyCount "179"]
[EventDate "2017.??.??"]

1. e4 e5 2. Nf3 Nc6 3. d4 exd4 4. Nxd4 Bc5 5. Nb3 Bb6 6. Nc3 d6 7. Be2 Nf6 8.
O-O h6 9. Kh1 O-O 10. a4 a5 11. f3 Re8 12. Bb5 Bd7 13. Re1 Nb4 14. Bxd7 Qxd7
15. Bd2 c6 16. Na2 Nxa2 17. Rxa2 d5 18. e5 Nh7 19. Ra1 Bc7 20. f4 b6 21. Qf3 c5
22. Red1 Rad8 23. Be1 Qf5 24. Rac1 f6 25. Rxd5 fxe5 26. Rxd8 Rxd8 27. fxe5 Qxf3
28. gxf3 Bxe5 29. Bc3 Bxc3 30. bxc3 Ng5 31. Kg2 Ne6 32. c4 Kf7 33. Kf2 Kf6 34.
Ke3 Ke5 35. Nd2 Nd4 36. c3 Nf5+ 37. Ke2 Kf4 38. Ra1 Re8+ 39. Kf2 h5 40. Ne4 Re6
41. Ng3 g6 42. Ne2+ Ke5 43. Ng3 Rd6 44. Re1+ Kf4 45. Re4+ Kg5 46. Ke2 Kf6 47.
Re8 Re6+ 48. Ne4+ Ke5 49. Rd8 Kf4 50. Kf2 Rc6 51. Rf8 Ke5 52. Rd8 Ke6 53. Rd1
Ke7 54. Ke2 Re6 55. Kf2 Nh6 56. Rd5 Nf7 57. h3 Kf8 58. Ng5 Nxg5 59. Rxg5 Ke7
60. Rd5 Kf6 61. h4 Kg7 62. Rd7+ Kh6 63. Rd5 Rc6 64. Ke2 Kg7 65. Rd7+ Kf6 66.
Rd5 Re6+ 67. Kf2 Ke7 68. Rg5 Rd6 69. Ke2 Kf6 70. Rd5 Re6+ 71. Kf2 Ke7 72. Rg5
Rf6 73. Ke3 Rd6 74. Re5+ Kf7 75. Ke2 Rd8 76. Rg5 Kf6 77. Rd5 Re8+ 78. Kf2 Re6
79. Rd8 Kf5 80. Rd5+ Kf4 81. Rd8 Rc6 82. Rf8+ Ke5 83. Re8+ Kf6 84. Rd8 Ke7 85.
Rd5 Rc8 86. Ke3 Rc6 87. Ke4 Kf6 88. f4 Re6+ 89. Re5 Rd6 90. Rd5 1/2-1/2

[Event "Pavlodar Open 2016"]
[Site "Pavlodar, "]
[Date "2017.05.11"]
[Round "1"]
[White "Kuderinov, Kirill"]
[Black "Serikbay, Assel"]
[Result "1/2-1/2"]
[WhiteElo "2484"]
[BlackElo "2014"]
[PlyCount "75"]
[EventDate "2017.??.??"]

1. c4 e5 2. Nc3 Nf6 3. g3 c6 4. Bg2 d5 5. cxd5 cxd5 6. Qb3 Nc6 7. Nxd5 Nd4 8.
Nxf6+ Qxf6 9. Qd1 Bf5 10. d3 Rc8 11. Kf1 b5 12. Nf3 Nxf3 13. Bxf3 Bh3+ 14. Bg2
Bc5 15. e3 Bf5 16. Be4 Bh3+ 17. Kg1 h5 18. Bd2 Qd6 19. Rc1 Be6 20. h4 f5 21.
Bg2 Qxd3 22. Bf1 Qd6 23. b4 Bb6 24. Rxc8+ Bxc8 25. Bxb5+ Ke7 26. Qe2 Rd8 27.
Be1 Bb7 28. Rh2 g6 29. Kf1 Be4 30. f4 exf4 31. gxf4 Qd5 32. a4 Rc8 33. Qb2 Bxe3
34. Qg7+ Qf7 35. Qe5+ Qe6 36. Qg7+ Qf7 37. Qe5+ Qe6 38. Qg7+ 1/2-1/2

[Event "Pavlodar Open 2016"]
[Site "Pavlodar, "]
[Date "2016.11.29"]
[Round "10"]
[White "Kostenko, Petr"]
[Black "Urazayev, Arystanbek"]
[Result "1/2-1/2"]
[WhiteElo "2465"]
[BlackElo "2314"]
[PlyCount "147"]
[EventDate "2017.??.??"]

1. e4 e5 2. Nf3 Nc6 3. Bb5 a6 4. Ba4 Nf6 5. O-O Be7 6. Re1 b5 7. Bb3 O-O 8. d4
exd4 9. e5 Ne8 10. Nxd4 Nxd4 11. Qxd4 Bb7 12. c4 d6 13. Nc3 c6 14. Bf4 dxe5 15.
Bxe5 Bf6 16. Ne4 Qxd4 17. Nxf6+ Nxf6 18. Bxd4 c5 19. Be5 Rfe8 20. f3 Nd7 21.
Bd6 Bc6 22. Kf2 g6 23. Re7 b4 24. Re3 f5 25. Rae1 Kf7 26. h4 h5 27. Bc2 Rac8
28. Kg3 Nf8 29. Bxc5 Ne6 30. Bd6 Rcd8 31. Rd3 a5 32. Kf2 Rd7 33. c5 a4 34. Rde3
Ng7 35. Bd3 Rxe3 36. Kxe3 Bd5 37. a3 bxa3 38. bxa3 Ra7 39. Kd4 Bb3 40. Bc4+
Ne6+ 41. Kc3 Bxc4 42. Kxc4 Rb7 43. Kd5 Rb2 44. g3 Rd2+ 45. Kc4 Rd4+ 46. Kb5 Rd3
47. Kxa4 Rxf3 48. Rc1 Rd3 49. Kb4 Ke8 50. a4 Kd7 51. a5 Kc6 52. Re1 Nd8 53. Re8
Kd7 54. Re7+ Kc6 55. Rg7 Kd5 56. Rxg6 Nc6+ 57. Kb5 Rb3+ 58. Ka6 Nb4+ 59. Kb7
Nc6+ 60. Kc8 Nxa5 61. Bf8 Nc6 62. Kc7 Nd4 63. Kd7 Rb7+ 64. Ke8 Ne6 65. Be7 Nxc5
66. Bxc5 Kxc5 67. Rh6 Kd5 68. Rxh5 Ke4 69. Rg5 f4 70. g4 f3 71. h5 Kf4 72. Rg6
f2 73. Rf6+ Kxg4 74. Rxf2 1/2-1/2

[Event "Pavlodar Open 2016"]
[Site "Pavlodar, "]
[Date "2016.11.25"]
[Round "6"]
[White "Kostenko, Petr"]
[Black "Makhnyov, Denis"]
[Result "1/2-1/2"]
[WhiteElo "2465"]
[BlackElo "2366"]
[PlyCount "60"]
[EventDate "2017.??.??"]

1. e4 e5 2. Nf3 Nc6 3. Bb5 Nf6 4. Nc3 Bb4 5. O-O O-O 6. d3 d6 7. Bxc6 bxc6 8.
Ne2 Bg4 9. Ng3 Nh5 10. h3 Nxg3 11. fxg3 Bd7 12. g4 Qe7 13. Qe2 a5 14. Kh1 a4
15. Bd2 Rfb8 16. Bxb4 Rxb4 17. b3 c5 18. Rfb1 Rb6 19. Qe1 Be6 20. b4 cxb4 21.
Rxb4 Rxb4 22. Qxb4 c5 23. Qb6 Qd8 24. Qc6 Rc8 25. Qxa4 Ra8 26. Qc6 Rc8 27. Qa6
Ra8 28. Qc6 Rc8 29. Qa6 Ra8 30. Qc6 Rc8 1/2-1/2

[Event "Pavlodar Open 2016"]
[Site "Pavlodar, "]
[Date "2016.11.21"]
[Round "2"]
[White "Klimenko, Igor"]
[Black "Tolibayev, Timur"]
[Result "1/2-1/2"]
[WhiteElo "2337"]
[BlackElo "2077"]
[PlyCount "115"]
[EventDate "2017.??.??"]

1. c4 e6 2. d4 d5 3. Nf3 Nf6 4. Bg5 Be7 5. e3 O-O 6. Nc3 h6 7. Bh4 b6 8. cxd5
Nxd5 9. Bxe7 Qxe7 10. Nxd5 exd5 11. Qc2 Be6 12. Rc1 Rc8 13. Be2 c5 14. O-O Qb7
15. dxc5 bxc5 16. Rfd1 Nd7 17. b3 Rcb8 18. Qb2 c4 19. Nd4 a5 20. e4 Nf6 21.
Nxe6 fxe6 22. Qe5 cxb3 23. Rc7 Qb6 24. axb3 Rc8 25. Rdc1 Rxc7 26. Rxc7 Ra7 27.
Rc8+ Kf7 28. exd5 exd5 29. Bh5+ g6 30. Bf3 Re7 31. Bxd5+ Nxd5 32. Qxd5+ Qe6 33.
Qf3+ Qf5 34. Qxf5+ gxf5 35. Kf1 Rb7 36. Rc5 Kg6 37. Rxa5 Rxb3 38. Ke2 Kg5 39.
h4+ Kxh4 40. Rxf5 Kg4 41. Ra5 Rb2+ 42. Ke3 Rb3+ 43. Ke4 Rb4+ 44. Ke5 h5 45. Rd5
Rb2 46. Rd4+ Kg5 47. f4+ Kg4 48. g3 Kxg3 49. f5 h4 50. f6 Rf2 51. Rd7 h3 52.
Rg7+ Kh4 53. f7 h2 54. Ke6 Rxf7 55. Kxf7 Kh3 56. Kg6 h1=Q 57. Rh7+ Kg2 58. Rxh1
1/2-1/2

[Event "Pavlodar Open 2016"]
[Site "Pavlodar, "]
[Date "2016.11.22"]
[Round "2"]
[White "Khegay, Dmitriy"]
[Black "Kvan, Andrey"]
[Result "1/2-1/2"]
[WhiteElo "2485"]
[BlackElo "2180"]
[PlyCount "109"]
[EventDate "2017.??.??"]

1. d4 d6 2. Nf3 g6 3. e4 Bg7 4. Bc4 Nf6 5. Qe2 c6 6. Bb3 O-O 7. O-O Na6 8. h3
Nc7 9. e5 Nfe8 10. Bg5 Be6 11. c4 h6 12. Be3 b5 13. Nc3 bxc4 14. Bxc4 Nd5 15.
Nxd5 Bxd5 16. Bxd5 cxd5 17. Rac1 Rb8 18. Qd2 Kh7 19. b3 f6 20. Bf4 Qd7 21. Bh2
Rb7 22. Rfe1 dxe5 23. dxe5 fxe5 24. Bxe5 Nf6 25. Qe3 Ne4 26. Bxg7 Kxg7 27. Rcd1
Qb5 28. a4 Qc5 29. Qxc5 Nxc5 30. Rxd5 Nxb3 31. Rb5 Rxb5 32. axb5 Rf5 33. Rxe7+
Kf6 34. Rb7 Na5 35. Rb8 Rd5 36. g4 Nc4 37. Rb7 Nd6 38. Rd7 Ke6 39. Rxa7 Nxb5
40. Rh7 h5 41. Rg7 Kf6 42. Rb7 hxg4 43. hxg4 Nd6 44. Rb6 Kg7 45. Kg2 Ne4 46.
Rb7+ Kf6 47. Rb4 Nc5 48. Rb6+ Ne6 49. Nh4 g5 50. Nf5 Ke5 51. Ne3 Rc5 52. Ra6
Nd4 53. Ra7 Ne6 54. Rf7 Ke4 55. Rf6 1/2-1/2

[Event "Pavlodar Open 2016"]
[Site "Pavlodar, "]
[Date "2017.11.22"]
[Round "2"]
[White "Kazakov, Konstantin"]
[Black "Stupak, Kirill"]
[Result "1/2-1/2"]
[WhiteElo "2285"]
[BlackElo "2562"]
[PlyCount "59"]
[EventDate "2017.??.??"]

1. e4 e6 2. d4 d5 3. Nd2 Nc6 4. Ngf3 Nf6 5. e5 Nd7 6. Bd3 f6 7. exf6 Qxf6 8.
Nf1 e5 9. Ne3 Nb6 10. dxe5 Nxe5 11. Nxe5 Qxe5 12. O-O Bd6 13. f4 Qf6 14. Qh5+
Qf7 15. Qxf7+ Kxf7 16. Bd2 c6 17. Rae1 Na4 18. b4 a5 19. a3 axb4 20. axb4 Nb2
21. Be2 Re8 22. f5 Re4 23. Bf3 Bxb4 24. Bxb4 Rxb4 25. Bxd5+ cxd5 26. Nxd5 Rd4
27. Re7+ Kf8 28. f6 gxf6 29. Rxf6+ Kg8 30. Re8+ 1/2-1/2

[Event "Pavlodar Open 2016"]
[Site "Pavlodar, "]
[Date "2016.11.27"]
[Round "8"]
[White "Gabrielian, Artur"]
[Black "Aleksandrov, Aleksej"]
[Result "1/2-1/2"]
[WhiteElo "2523"]
[BlackElo "2574"]
[PlyCount "49"]
[EventDate "2017.??.??"]

1. e4 e5 2. Nf3 Nc6 3. Bc4 Bc5 4. O-O Nf6 5. d3 d6 6. c3 a6 7. Bg5 h6 8. Bh4
Ba7 9. Nbd2 g5 10. Bg3 Na5 11. Bd5 O-O 12. d4 exd4 13. Nxd4 c6 14. Bb3 Nxb3 15.
axb3 Re8 16. Re1 Bg4 17. f3 Bh5 18. Kh1 Bg6 19. Nc4 Bb8 20. Qd2 d5 21. exd5
Rxe1+ 22. Rxe1 Bxg3 23. hxg3 c5 24. Nc2 Qxd5 25. N2e3 1/2-1/2

[Event "Pavlodar Open 2016"]
[Site "Pavlodar, "]
[Date "2016.11.27"]
[Round "8"]
[White "Egorov, Evgeny"]
[Black "Nevostrujev, Vladimir"]
[Result "1/2-1/2"]
[WhiteElo "2361"]
[BlackElo "2406"]
[PlyCount "159"]
[EventDate "2017.??.??"]

1. e4 c5 2. Nc3 e6 3. g3 d5 4. exd5 exd5 5. Bg2 Nf6 6. Nge2 d4 7. Ne4 Nxe4 8.
Bxe4 Bd6 9. O-O O-O 10. d3 Nd7 11. a3 Re8 12. Rb1 Nf6 13. Bg5 h6 14. Bxf6 Qxf6
15. Nc1 Re7 16. Nb3 Bh3 17. Re1 Rae8 18. Qh5 Bc8 19. Nd2 Qg5 20. Qxg5 hxg5 21.
b4 Kf8 22. Red1 cxb4 23. axb4 Rc7 24. Rb2 Be6 25. Ra1 Rec8 26. Nf3 b5 27. Rbb1
Bd7 28. Ra6 Be7 29. Nxd4 Bf6 30. Nb3 Rxc2 31. Rxa7 Be6 32. d4 Bxb3 33. Rxb3
Bxd4 34. Bxc2 Bxa7 35. Bd3 g4 36. Ra3 Bd4 37. Bxb5 Rc2 38. Ra8+ Ke7 39. Re8+
Kd6 40. Be2 f5 41. Bd3 Rb2 42. Bxf5 Bxf2+ 43. Kf1 Bd4 44. Bxg4 Rf2+ 45. Ke1
Rxh2 46. Kd1 Rb2 47. Rd8+ Ke5 48. Rb8 Rb1+ 49. Kc2 Rb2+ 50. Kc1 Rb3 51. b5 Rxg3
52. Bh5 Rb3 53. Kc2 Rc3+ 54. Kd2 Rb3 55. Bd1 Rb4 56. Kd3 Kd6 57. Bh5 Kc7 58.
Rh8 Bf6 59. Be8 Rd4+ 60. Ke3 Rd8 61. Rg8 Rb8 62. Ke4 Kd6 63. Bf7 Rxb5 64. Re8
Be7 65. Ra8 Re5+ 66. Kf4 Bg5+ 67. Kg4 Bh6 68. Ra6+ Ke7 69. Bb3 Rg5+ 70. Kh4 Rg1
71. Bc2 Bg5+ 72. Kh3 Bf6 73. Kh2 Rc1 74. Be4 Re1 75. Bg6 Be5+ 76. Kg2 Bd6 77.
Kf3 Ke6 78. Kf2 Rd1 79. Kf3 Ke5 80. Bc2 1/2-1/2

[Event "Pavlodar Open 2016"]
[Site "Pavlodar, "]
[Date "2016.11.23"]
[Round "4"]
[White "Dakhaev, Islam"]
[Black "Saiyn, Zhanat"]
[Result "1/2-1/2"]
[WhiteElo "2103"]
[BlackElo "2384"]
[PlyCount "53"]
[EventDate "2017.??.??"]

1. d4 d6 2. c4 Nd7 3. Nc3 e5 4. d5 Ngf6 5. e4 c6 6. Be3 Be7 7. Be2 Nc5 8. f3
Nh5 9. Qd2 Nf4 10. g3 Ng2+ 11. Kf1 Nxe3+ 12. Qxe3 O-O 13. Kg2 f5 14. b4 Nd7 15.
exf5 c5 16. b5 Rxf5 17. Bd3 Rf8 18. Ne4 Nf6 19. Ne2 a6 20. a4 Qa5 21. Qd2 Qxd2
22. Nxd2 Bd7 23. Nc3 b6 24. Nde4 Ra7 25. Bc2 Nxe4 26. Bxe4 Raa8 27. h4 1/2-1/2

[Event "Pavlodar Open 2016"]
[Site "Pavlodar, "]
[Date "2017.05.11"]
[Round "1"]
[White "Blankin, Talgat"]
[Black "Nevostrujev, Vladimir"]
[Result "1/2-1/2"]
[WhiteElo "1910"]
[BlackElo "2406"]
[PlyCount "107"]
[EventDate "2017.??.??"]

1. d4 Nf6 2. c4 g6 3. Nc3 d5 4. cxd5 Nxd5 5. g3 Nxc3 6. bxc3 Qd5 7. Nf3 Bf5 8.
Bg2 Be4 9. Qb3 Bg7 10. O-O O-O 11. Ne1 Bxg2 12. Nxg2 Qxb3 13. axb3 Nd7 14. Be3
a6 15. Rfd1 Rfd8 16. Ne1 e5 17. Nc2 exd4 18. Bxd4 Nf8 19. Bxg7 Kxg7 20. Rd3 Ne6
21. b4 c5 22. Rad1 Rxd3 23. exd3 cxb4 24. Nxb4 a5 25. Nd5 a4 26. d4 Ng5 27. Nc7
Ra5 28. Kg2 a3 29. c4 Ne4 30. Nb5 Ra4 31. f3 Nd2 32. Nxa3 Nb3 33. Nb5 Rxc4 34.
d5 Rc2+ 35. Kh3 Rd2 36. Rxd2 Nxd2 37. Kg4 Nc4 38. Kf4 Kf6 39. h4 Ke7 40. g4 h6
41. h5 g5+ 42. Kg3 Nd6 43. Nd4 b5 44. Kf2 Kf6 45. Nc6 Nc4 46. Ke2 b4 47. Nxb4
Ke5 48. Nc6+ Kxd5 49. Ne7+ Ke5 50. Nf5 Kf4 51. Nxh6 Ne5 52. Kf2 Nd3+ 53. Kg2
Ne5 54. Kf2 1/2-1/2

[Event "Pavlodar Open 2016"]
[Site "Pavlodar, "]
[Date "2016.11.22"]
[Round "3"]
[White "Bezgodov, Alexei"]
[Black "Kazakov, Konstantin"]
[Result "1/2-1/2"]
[WhiteElo "2497"]
[BlackElo "2285"]
[PlyCount "38"]
[EventDate "2017.??.??"]

1. e4 e5 2. Nf3 Nc6 3. Bb5 a6 4. Ba4 Nf6 5. O-O Be7 6. d3 b5 7. Bb3 O-O 8. a4
Rb8 9. axb5 axb5 10. Nc3 d6 11. Nd5 Be6 12. c3 Qd7 13. Ra6 Bd8 14. Bg5 Bxd5 15.
exd5 Ne7 16. Bxf6 gxf6 17. d4 Ng6 18. Re1 Kh8 19. Bc2 Rg8 $11 1/2-1/2

[Event "Pavlodar Open 2016"]
[Site "Pavlodar, "]
[Date "2016.11.27"]
[Round "8"]
[White "Akhmetov, Ayan"]
[Black "Matsenko, Andrei"]
[Result "1/2-1/2"]
[WhiteElo "2305"]
[BlackElo "2372"]
[PlyCount "75"]
[EventDate "2017.??.??"]

1. e4 c6 2. d4 d5 3. Nd2 dxe4 4. Nxe4 Nf6 5. Nxf6+ exf6 6. c3 Bd6 7. Bd3 O-O 8.
Ne2 Qc7 9. Qc2 h6 10. Be3 Re8 11. h3 Nd7 12. O-O Nf8 13. Rae1 Bd7 14. c4 c5 15.
d5 a6 16. Nc3 Bh2+ 17. Kh1 Bf4 18. Qc1 Bxe3 19. Rxe3 Rxe3 20. Qxe3 f5 21. f4
Re8 22. Qf2 Nh7 23. g3 Nf6 24. Re1 Kf8 25. Kg2 b6 26. a3 Qd6 27. Kf3 h5 28.
Rxe8+ Nxe8 29. Qe1 f6 30. Qb1 g6 31. b4 Kf7 32. Nd1 Qc7 33. Nc3 Nd6 34. Qb2 Qc8
35. h4 Qc7 36. Ke2 Be8 37. Kd2 Bd7 38. Kc1 1/2-1/2

[Event "Pavlodar Open 2016"]
[Site "Pavlodar, "]
[Date "2016.11.25"]
[Round "6"]
[White "Akhmetov, Ayan"]
[Black "Burmakin, Vladimir"]
[Result "1/2-1/2"]
[WhiteElo "2305"]
[BlackElo "2535"]
[PlyCount "36"]
[EventDate "2017.??.??"]

1. e4 c6 2. d4 d5 3. Nd2 dxe4 4. Nxe4 Bf5 5. Ng3 Bg6 6. Nf3 Nd7 7. h4 h6 8. h5
Bh7 9. Bd3 Bxd3 10. Qxd3 e6 11. Bd2 Qc7 12. O-O-O O-O-O 13. Qe2 Bd6 14. Ne4 Bf4
15. Bxf4 Qxf4+ 16. Kb1 Ngf6 17. Ned2 Rhf8 18. Nc4 Nb6 1/2-1/2

[Event "Pavlodar Open 2016"]
[Site "Pavlodar, "]
[Date "2016.11.24"]
[Round "5"]
[White "Agmanov, Zhandos"]
[Black "Zablotsky, Sergei"]
[Result "1/2-1/2"]
[WhiteElo "2356"]
[BlackElo "2518"]
[PlyCount "45"]
[EventDate "2017.??.??"]

1. e4 c6 2. d4 d5 3. e5 c5 4. dxc5 Nc6 5. a3 Nxe5 6. Bb5+ Bd7 7. Qxd5 Bxb5 8.
Qxe5 f6 9. Qg3 e5 10. Nc3 Bc6 11. Nge2 Qd7 12. Be3 Ne7 13. Rd1 Qf5 14. b4 h5
15. h4 a6 16. Rd2 Rd8 17. Rxd8+ Kxd8 18. O-O g5 19. hxg5 h4 20. Qh3 Qxh3 21.
gxh3 fxg5 22. f3 Bh6 23. Ne4 1/2-1/2

[Event "Pavlodar Open 2016"]
[Site "Pavlodar, "]
[Date "2016.11.25"]
[Round "6"]
[White "Vokarev, Sergey"]
[Black "Stupak, Kirill"]
[Result "0-1"]
[WhiteElo "2454"]
[BlackElo "2562"]
[PlyCount "81"]
[EventDate "2017.??.??"]

1. Nf3 d5 2. g3 g6 3. Bg2 Bg7 4. d4 c5 5. O-O cxd4 6. Nxd4 e5 7. Nb3 Ne7 8. c4
d4 9. e3 O-O 10. Na3 Nbc6 11. exd4 exd4 12. Bf4 h6 13. h4 Kh7 14. Qd2 Bg4 15.
Rfe1 b6 16. c5 Rc8 17. Rac1 Be6 18. Nb5 Qd7 19. Bd6 Rfd8 20. Rcd1 Nf5 21. Bxc6
Rxc6 22. N3xd4 bxc5 23. Nxe6 fxe6 24. Bf4 Qxd2 25. Rxd2 Rxd2 26. Bxd2 Rb6 27.
a4 a6 28. Ba5 Rb7 29. Nc3 Nd4 30. Kg2 Nc6 31. Rxe6 Nxa5 32. Rxa6 Rxb2 33. Nd1
Rd2 34. Ne3 Bd4 35. Ra7+ Kh8 36. Ra8+ Kg7 37. Rxa5 Kf7 38. Kf3 Kf8 39. Ra8+ Kf7
40. a5 Ra2 41. a6 0-1

[Event "Pavlodar Open 2016"]
[Site "Pavlodar, "]
[Date "2016.11.29"]
[Round "10"]
[White "Vokarev, Sergey"]
[Black "Gabrielian, Artur"]
[Result "0-1"]
[WhiteElo "2454"]
[BlackElo "2523"]
[PlyCount "59"]
[EventDate "2017.??.??"]

1. Nf3 Nf6 2. g3 g6 3. Bg2 Bg7 4. O-O O-O 5. d4 d6 6. b3 Nbd7 7. Bb2 Re8 8. c4
e5 9. dxe5 Ng4 10. Qd2 dxe5 11. h3 Nh6 12. e3 f5 13. e4 Nf7 14. Nc3 c6 15. Rad1
Qc7 16. exf5 gxf5 17. Nh4 Nf8 18. Qe2 Ng6 19. Qh5 Nxh4 20. Qxh4 e4 21. Rfe1 Qa5
22. Na4 Bxb2 23. Nxb2 Be6 24. Na4 Rad8 25. g4 Rxd1 26. Rxd1 fxg4 27. Bxe4 Ng5
28. Rd5 Qe1+ 29. Kh2 Nxe4 30. Rg5+ 0-1

[Event "Pavlodar Open 2016"]
[Site "Pavlodar, "]
[Date "2016.11.22"]
[Round "3"]
[White "Turar, Dastan"]
[Black "Khegay, Dmitriy"]
[Result "0-1"]
[WhiteElo "2260"]
[BlackElo "2485"]
[PlyCount "50"]
[EventDate "2017.??.??"]

1. d4 d6 2. Nf3 Nf6 3. c4 g6 4. Nc3 Bf5 5. h3 Bg7 6. Rg1 O-O 7. g4 Bd7 8. e4 c5
9. Be3 cxd4 10. Nxd4 Nc6 11. Qd2 Qa5 12. Be2 Nxd4 13. Bxd4 Nxe4 14. Nxe4 Qxd2+
15. Nxd2 Bxd4 16. Rb1 a6 17. Bf3 Rab8 18. Nb3 Bg7 19. Ke2 Rfc8 20. Rgc1 Bh6 21.
Rc3 b5 22. c5 b4 23. c6 bxc3 24. cxd7 Rd8 25. Bc6 Rxb3 0-1

[Event "Pavlodar Open 2016"]
[Site "Pavlodar, "]
[Date "2016.11.22"]
[Round "3"]
[White "Tolibayev, Timur"]
[Black "Vokarev, Sergey"]
[Result "0-1"]
[WhiteElo "2077"]
[BlackElo "2454"]
[PlyCount "44"]
[EventDate "2017.??.??"]

1. Nf3 Nf6 2. d4 d5 3. e3 e6 4. Be2 c5 5. O-O Nc6 6. b3 cxd4 7. Nxd4 Nxd4 8.
Qxd4 Be7 9. c4 O-O 10. Rd1 Ne4 11. cxd5 exd5 12. Ba3 Bf6 13. Qb4 Re8 14. f3
Bxa1 15. fxe4 Qg5 16. Bb5 Bh3 17. Qd2 Rxe4 18. Kh1 d4 19. gxh3 Qxb5 20. Qg2
Rxe3 21. Nd2 Qe2 22. Rg1 Qxg2+ 0-1

[Event "Pavlodar Open 2016"]
[Site "Pavlodar, "]
[Date "2016.11.22"]
[Round "3"]
[White "Tokhirjonova, Gulrukhbegim"]
[Black "Tologontegin, Semetey"]
[Result "0-1"]
[WhiteElo "2286"]
[BlackElo "2373"]
[PlyCount "84"]
[EventDate "2017.??.??"]

1. e4 d6 2. d4 Nf6 3. Nc3 Nbd7 4. Nf3 e5 5. Bc4 Be7 6. O-O O-O 7. Re1 c6 8. a4
Qc7 9. h3 exd4 10. Nxd4 Ne5 11. Bb3 Re8 12. f4 Ng6 13. Qf3 Bf8 14. Be3 a6 15.
a5 d5 16. e5 Nd7 17. Bf2 Bb4 18. Bxd5 Bxc3 19. Qxc3 Nxf4 20. Bxf7+ Kxf7 21. e6+
Kg8 22. exd7 Bxd7 23. Bg3 Qd6 24. Kh2 Qh6 25. Qb3+ Kh8 26. Qxb7 Bxh3 27. Rxe8+
Rxe8 28. Qxc6 Qh5 29. Qxe8+ Qxe8 30. Bxf4 Bxg2 31. Kxg2 Qe4+ 32. Kg3 Qxd4 33.
Re1 h5 34. c3 Qd7 35. Kh2 Qf5 36. Be3 g5 37. Rg1 g4 38. Bd4+ Kh7 39. Re1 h4 40.
b4 Qf4+ 41. Kg1 Qg3+ 42. Kf1 Qf3+ 0-1

[Event "Pavlodar Open 2016"]
[Site "Pavlodar, "]
[Date "2016.11.26"]
[Round "7"]
[White "Tokhirjonova, Gulrukhbegim"]
[Black "Boiarintsev, Vitaly"]
[Result "0-1"]
[WhiteElo "2286"]
[BlackElo "2367"]
[PlyCount "74"]
[EventDate "2017.??.??"]

1. d4 g6 2. e4 Bg7 3. f4 c5 4. d5 d6 5. Nf3 Nf6 6. Nc3 O-O 7. Bc4 b5 8. Bxb5
Nxe4 9. Nxe4 Qa5+ 10. Ned2 Qxb5 11. c4 Qa6 12. O-O e6 13. Re1 exd5 14. cxd5 Bf5
15. Ne4 Nd7 16. Ng3 Bd3 17. f5 Nb6 18. fxg6 hxg6 19. Ng5 Rae8 20. Bd2 Qc4 21.
Qf3 Qxd5 22. Bf4 Qxf3 23. Nxf3 Nc4 24. Rad1 Rxe1+ 25. Nxe1 Bd4+ 26. Kh1 Nxb2
27. Rxd3 Re8 28. Rf3 Rxe1+ 29. Rf1 Rxf1+ 30. Nxf1 Nd3 31. Be3 Bxe3 32. Nxe3 f5
33. g3 Kf7 34. Kg2 Ke6 35. Kf3 d5 36. h4 d4 37. Nc2 Nb4 0-1

[Event "Pavlodar Open 2016"]
[Site "Pavlodar, "]
[Date "2016.11.28"]
[Round "9"]
[White "Tokhirjonova, Gulrukhbegim"]
[Black "Bezgodov, Alexei"]
[Result "0-1"]
[WhiteElo "2286"]
[BlackElo "2497"]
[PlyCount "116"]
[EventDate "2016.??.??"]

1. d4 d5 2. Bf4 c6 3. Nc3 Nf6 4. Qd2 Bf5 5. f3 e6 6. g4 Bg6 7. h4 h5 8. g5 Nfd7
9. e3 Qa5 10. Bd3 Bxd3 11. Qxd3 g6 12. O-O-O Qa6 13. Nge2 Qxd3 14. Rxd3 Bg7 15.
e4 O-O 16. Bd6 Re8 17. f4 Na6 18. Re1 Nb6 19. b3 Rac8 20. exd5 cxd5 21. Nb5 Rc6
22. a4 Nc8 23. Ba3 Nb8 24. Ng1 a6 25. Nc3 Nd6 26. Nf3 Rec8 27. Bxd6 Rxd6 28.
Ne2 Nc6 29. c3 b5 30. axb5 axb5 31. Kb2 b4 32. Ra1 Rdd8 33. Ra4 Ra8 34. cxb4
Rxa4 35. bxa4 Nxb4 36. Rb3 Nc6 37. Ne5 Na5 38. Rb5 Ra8 39. Kc3 Bf8 40. f5 gxf5
41. Nf4 Bd6 42. Nxh5 Bxe5 43. dxe5 Nc6 44. Nf6+ Kg7 45. Nd7 f4 46. Rc5 f3 47.
Kd2 Nd4 48. Ke1 Rxa4 49. h5 Ra1+ 50. Kf2 Ra2+ 51. Ke3 f2 52. h6+ Kg6 53. Rc1
Re2+ 54. Kxd4 Re4+ 55. Kc5 Re1 56. Nf8+ Kxg5 57. h7 Rxc1+ 58. Kd6 Rh1 0-1

[Event "Pavlodar Open 2016"]
[Site "Pavlodar, "]
[Date "2016.11.29"]
[Round "10"]
[White "Suleymenov, Alisher"]
[Black "Kuderinov, Kirill"]
[Result "0-1"]
[WhiteElo "2277"]
[BlackElo "2484"]
[PlyCount "86"]
[EventDate "2017.??.??"]

1. d4 d5 2. c4 c6 3. Nf3 Nf6 4. Nc3 g6 5. Bf4 Bg7 6. e3 O-O 7. h3 Nbd7 8. cxd5
Nxd5 9. Bg3 N7f6 10. Bd3 c5 11. O-O cxd4 12. exd4 b6 13. Re1 Bb7 14. Qb3 Rc8
15. Rad1 Nh5 16. Bh2 Nxc3 17. bxc3 Bxf3 18. gxf3 e6 19. Bf1 Bh6 20. d5 Bf4 21.
dxe6 Qg5+ 22. Kh1 Bxh2 23. Kxh2 Qf4+ 24. Kg1 Qxf3 25. Re3 Qf6 26. Rd7 Rc5 27.
Rxf7 Rxf7 28. exf7+ Kg7 29. Qb4 Qxf7 30. Qd4+ Kh6 31. Bg2 Rg5 32. h4 Rf5 33.
Qd2 Rf4 34. Re4 Qf6 35. Qe3 Qxh4 36. Re7 a5 37. Re6 Qg5 38. Rxb6 Ng7 39. Qd3
Rg4 40. Qh3+ Nh5 41. c4 Rxc4 42. Qf3 Rc1+ 43. Kh2 Qe5+ 0-1

[Event "Pavlodar Open 2016"]
[Site "Pavlodar, "]
[Date "2016.11.22"]
[Round "3"]
[White "Stupak, Kirill"]
[Black "Suleymenov, Alisher"]
[Result "0-1"]
[WhiteElo "2562"]
[BlackElo "2277"]
[PlyCount "70"]
[EventDate "2017.??.??"]

1. d4 Nf6 2. c4 b6 3. f3 Nc6 4. Nc3 e5 5. d5 Ne7 6. g4 d6 7. e4 Ng6 8. h4 h5 9.
g5 Nh7 10. Nge2 Be7 11. Ng3 f6 12. Nf5 fxg5 13. Nxg7+ Kf7 14. Nxh5 Nf6 15. Nxf6
Bxf6 16. h5 Nf4 17. Bxf4 exf4 18. Qd2 Be5 19. O-O-O a6 20. Bh3 Bxh3 21. Rxh3 b5
22. cxb5 axb5 23. Kb1 b4 24. Ne2 Qd7 25. Rh2 Rxa2 26. Nc1 Rxb2+ 27. Qxb2 Bxb2
28. Rxb2 Rxh5 29. Rxb4 Rh3 30. Ne2 Rxf3 31. Nd4 Rc3 32. Ne6 c5 33. Rh1 Kf6 34.
Rh6+ Ke5 35. Nf8 Qe8 0-1

[Event "Pavlodar Open 2016"]
[Site "Pavlodar, "]
[Date "2016.11.22"]
[Round "2"]
[White "Sisabayev, Kuanysh"]
[Black "Zubarev, Alexander"]
[Result "0-1"]
[WhiteElo "2258"]
[BlackElo "2508"]
[PlyCount "34"]
[EventDate "2017.??.??"]

1. e4 d6 2. b3 Nf6 3. Nc3 g6 4. Bb2 Bg7 5. Qe2 O-O 6. O-O-O c5 7. Nf3 e5 8. h3
Nc6 9. g4 Nd4 10. Nxd4 exd4 11. Nd5 Nxd5 12. exd5 a5 13. a4 b5 14. Qxb5 Ba6 15.
Qc6 d3 16. Bc3 Qb8 17. Bg2 Rc8 0-1

[Event "Pavlodar Open 2016"]
[Site "Pavlodar, "]
[Date "2016.11.28"]
[Round "9"]
[White "Sannikov, Igor"]
[Black "Vokarev, Sergey"]
[Result "0-1"]
[WhiteElo "2219"]
[BlackElo "2454"]
[PlyCount "62"]
[EventDate "2016.??.??"]

1. e4 c6 2. d4 d5 3. exd5 cxd5 4. Bd3 Nc6 5. c3 Qc7 6. Ne2 Bg4 7. Qb3 Bxe2 8.
Bxe2 e6 9. Be3 Nf6 10. Nd2 Bd6 11. g3 O-O 12. f4 Rab8 13. a4 a6 14. O-O Rfc8
15. Qa2 Ne7 16. Rfc1 Nf5 17. Nf1 h5 18. Kg2 h4 19. Bf2 Ne4 20. Bd3 Bxf4 21.
Bxe4 dxe4 22. Re1 hxg3 23. Be3 Bxe3 24. hxg3 Rd8 25. Qb1 Nd6 26. Rxe3 b5 27.
axb5 axb5 28. Nh2 b4 29. Qc1 bxc3 30. bxc3 Rdc8 31. Nf1 Nf5 0-1

[Event "Pavlodar Open 2016"]
[Site "Pavlodar, "]
[Date "2016.11.21"]
[Round "1"]
[White "Salimov, Ruslan"]
[Black "Zablotsky, Sergei"]
[Result "0-1"]
[WhiteElo "2054"]
[BlackElo "2518"]
[PlyCount "50"]
[EventDate "2017.??.??"]

1. d4 d6 2. c4 g6 3. Nc3 Bg7 4. e4 e5 5. dxe5 dxe5 6. Qxd8+ Kxd8 7. Bg5+ f6 8.
O-O-O+ Nd7 9. Be3 c6 10. c5 Bh6 11. Bxh6 Nxh6 12. Be2 Ke7 13. Na4 b5 14. cxb6
axb6 15. b3 b5 16. Nc3 Nc5 17. b4 Na4 18. Nb1 Be6 19. a3 Rhc8 20. Nh3 Nf7 21.
Kd2 Nd6 22. f3 Nb2 23. Nf2 Nxd1 24. Rxd1 Ba2 25. Nc3 Rxa3 0-1

[Event "Pavlodar Open 2016"]
[Site "Pavlodar, "]
[Date "2016.11.28"]
[Round "9"]
[White "Salimov, Ruslan"]
[Black "Akhmetov, Ayan"]
[Result "0-1"]
[WhiteElo "2054"]
[BlackElo "2305"]
[PlyCount "78"]
[EventDate "2016.??.??"]

1. d4 d6 2. c4 e5 3. d5 g6 4. e4 Bg7 5. Nc3 Ne7 6. Bd3 O-O 7. Nge2 Nd7 8. O-O
a5 9. Bc2 f5 10. exf5 Nxf5 11. Ne4 h6 12. b3 Nf6 13. Bb2 b6 14. N2g3 Nh4 15.
Nxf6+ Rxf6 16. Be4 Bd7 17. a3 Rf4 18. f3 Qe8 19. Qc2 g5 20. b4 g4 21. fxg4 Rxg4
22. Rf2 h5 23. Raf1 axb4 24. axb4 Ra4 25. Rf7 Qxf7 26. Rxf7 Kxf7 27. Nxh5 Ra2
28. Ng3 Bh6 29. Qb3 Ra8 30. h3 Rgg8 31. Kh1 Ke7 32. c5 bxc5 33. Nh5 Raf8 34. g4
Rf1+ 35. Kh2 Re1 36. Qd3 Rf8 37. Bf5 Bxf5 38. gxf5 Rxf5 39. Qg3 Re2+ 0-1